| 000 | 00585cam a2200217ua 4500 | ||
|---|---|---|---|
| 001 | 6871 | ||
| 005 | 20260515114123.0 | ||
| 008 | 140301n ii |||gr||||Z||||||eng | ||
| 020 | _a81-272-2092-2 | ||
| 040 | _cMAIN | ||
| 082 | _a513 | ||
| 245 |
_aCommercial arithmatic & elements of statistics _cBy S.C. Chanda |
||
| 250 | _a4th ed. | ||
| 260 |
_aLudhiana: _bKalyani publishers, _c2005. |
||
| 300 | _ax,298p. | ||
| 653 | _aArithmetic | ||
| 653 | _aCommercial arithmatic & elements of statistics | ||
| 700 |
_aChanda,S.C., _eAuthor., |
||
| 700 |
_aNag,N.K., _eAuthor. |
||
| 942 | _cBK | ||
| 999 |
_c6012 _d6012 |
||